Normal view
MARC view
- Churchill Frank
Entry Personal Name
001 - CONTROL NUMBER
- control field: 28966
003 - CONTROL NUMBER IDENTIFIER
- control field: IT-RoPau
005 - DATE AND TIME OF LATEST TRANSACTION
- control field: 20140612095621.0
008 - FIXED-LENGTH DATA ELEMENTS
- fixed length control field: 140612|| aca||aabn | a|a d
040 ## - CATALOGING SOURCE
- Original cataloging agency: IT-RoPau
- Transcribing agency: IT-RoPau
100 ## - HEADING--PERSONAL NAME
- Personal name: Churchill Frank
- Miscellaneous information: Codice autore SPICS: 38374
- Relator term: Autore
670 ## - SOURCE DATA FOUND
- Source citation: Work cat.: (IT-RoPau)101857: Morey Larry 28962, Biancaneve e i sette nani